| 000 | 00805nam a22001937a 4500 | ||
|---|---|---|---|
| 999 |
_c58855 _d58855 |
||
| 003 | Ge_BSU | ||
| 005 | 20221010154439.0 | ||
| 008 | 221010s1996 ge ||||| |||| 00| 0 geo d | ||
| 020 | _a55111007005 | ||
| 041 | _ageo | ||
| 080 | _a316(09)(075.8) კ-65 | ||
| 245 |
_aსოციოლოგიის ისტორია. ნაკვ. 1 / _cედუარდ კოდუა ; რედ. ვ. კვარაცხელია. |
||
| 264 |
_aთბილისი : _bთბილ. უნ-ტის გამ-ბა, _c1996. |
||
| 300 | _a184 გვ. | ||
| 504 | _aბიბლიოგრაფია: გვ. 180. | ||
| 653 | _aსოციოლოგიის ისტორია | ||
| 700 |
_aკვარაცხელია, ვ. _eრედაქტორი _915201 |
||
| 942 |
_2udc _cBK |
||